=LDR 00000nam 2200000 4500 =001 NUTBA000000000005426 =005 20141029152629.0 =006 =007 =008 =020 ##$$a 979-462-881-6 =035 ##$$a 0010-101400000000656 =040 ##$$a NBPDMAT =090 ##$$a 372.83 $b End i =100 ##$$a Endang Susilaningsih =245 ##$$a Ilmu pengetahuan sosial 5 untuk SD/MI kelas 5/ $c Endang Susilaningsih, Linda S. Limbong; editor, P. Gianto, Dwianto EP =260 ##$$a Jakarta : $b Pusat Perbukuan Depdiknas, $c 2008 =300 ##$$a ix, 228 hlm. : $b ilus. ; $c 24 cm. =500 ##$$a Bibliografi : hlm.227 =650 ##$$a Ilmu Pengetahuan Sosial SD - Studi dan Pengajaran =700 ##$$a Linda S. Limbong, $a P. Gianto, Dwianto EP =850 ##$$a NBPDMAT